Результаты исследований тепломассообменных процессов в печах обжига материалов: идентификация дефектов корпуса вращающейся обжиговой печи при нестационарных тепловых процессах; Известия Томского политехнического университета [Известия ТПУ]; Неразрушающий контроль и диагностика
| Parent link: | Томский политехнический университет. Известия Томского политехнического университета [Известия ТПУ]/ Томский политехнический университет (ТПУ).— .— Томск: Изд-во ТПУ, 1998-2015.— 1684-8519 Неразрушающий контроль и диагностика.— 2008.— [С. 285-293] |
|---|---|
| Altres autors: | , , , |
| Sumari: | Заглавие с титульного листа Электронная версия печатной публикации |
| Idioma: | rus |
| Publicat: |
2008
|
| Col·lecció: | Тепловой контроль |
| Matèries: | |
| Accés en línia: | http://www.lib.tpu.ru/fulltext/v/Bulletin_TPU/2008/v312/i2app/54.pdf |
| Format: | MixedMaterials Electrònic Capítol de llibre |
| KOHA link: | https://koha.lib.tpu.ru/cgi-bin/koha/opac-detail.pl?biblionumber=173081 |
MARC
| LEADER | 00000naa2a2200000 4500 | ||
|---|---|---|---|
| 001 | 173081 | ||
| 005 | 20240613111725.0 | ||
| 035 | |a (RuTPU)RU\TPU\book\187737 | ||
| 035 | |a RU\TPU\book\187733 | ||
| 090 | |a 173081 | ||
| 100 | |a 20091218d2008 k y0rusy50 ca | ||
| 101 | 0 | |a rus | |
| 102 | |a RU | ||
| 135 | |a drnn ---uucaa | ||
| 181 | 0 | |a i | |
| 182 | 0 | |a b | |
| 200 | 1 | |a Результаты исследований тепломассообменных процессов в печах обжига материалов: идентификация дефектов корпуса вращающейся обжиговой печи при нестационарных тепловых процессах |f В. Г. Торгунаков [и др.] | |
| 203 | |a Текст |c электронный | ||
| 215 | |a 1 файл (9.8 Мб) | ||
| 225 | 1 | |a Тепловой контроль | |
| 300 | |a Заглавие с титульного листа | ||
| 300 | |a Электронная версия печатной публикации | ||
| 320 | |a [Библиогр.: с. 292-293 (7 назв.)] | ||
| 337 | |a Adobe Reader | ||
| 461 | 1 | |0 162495 |t Известия Томского политехнического университета [Известия ТПУ] |f Томский политехнический университет (ТПУ) |d 1998-2015 |9 162495 |a Томский политехнический университет |c Томск |n Изд-во ТПУ |x 1684-8519 | |
| 463 | 1 | |0 172956 |t Неразрушающий контроль и диагностика |d 2008 |p 418 с. |9 172956 |a Клименов, В. А. (российский ученый, специалист в области неразрушающего контроля ; 1951-) |o Труды Международной научно-технической конференции, Томск 2008 г. |v [С. 285-293] | |
| 610 | 1 | |a тепломассообмен | |
| 610 | 1 | |a обжиг | |
| 610 | 1 | |a печи | |
| 610 | 1 | |a дефекты | |
| 610 | 1 | |a идентификация | |
| 610 | 1 | |a тепловые процессы | |
| 610 | 1 | |a внутренние поверхности | |
| 610 | 1 | |a труды учёных ТПУ | |
| 610 | 1 | |a электронный ресурс | |
| 701 | 1 | |a Торгунаков |b В. Г. | |
| 701 | 1 | |a Суханов |b М. С. | |
| 701 | 1 | |a Чигарев |b С. Т. | |
| 701 | 1 | |a Яманаев |b М. С. | |
| 801 | 1 | |a RU |b 63413507 |c 20090401 |g PSBO | |
| 801 | 2 | |a RU |b 63413507 |c 20211118 |g RCR | |
| 856 | 4 | |u http://www.lib.tpu.ru/fulltext/v/Bulletin_TPU/2008/v312/i2app/54.pdf | |
| 942 | |c CF | ||